[Event "TUR Cup"]
[Site "Denizli"]
[Date "2023.07.19"]
[Round "6"]
[White "Serbulent, Huseyin"]
[Black "Ozcan, Berk"]
[Result "0-1"]
[WhiteElo "1733"]
[BlackElo "1863"]
[PlyCount "98"]
[EventDate "2023.07.16"]
[EventType "team-tourn"]
[EventRounds "9"]
[EventCountry "TUR"]
[SourceTitle "CBM 215 Extra"]
[Source "ChessBase"]
[SourceDate "2023.09.30"]
[SourceVersion "1"]
[SourceVersionDate "2023.09.30"]
[SourceQuality "1"]

1. e4 c5 2. Nf3 Nc6 3. d4 cxd4 4. Nxd4 Nf6 5. Nc3 d6 6. Be2 e6 7. Be3 Be7 8. Qd2 a6 9. g4 Qc7 10. g5 Nd7 11. f4 Nc5 12. Bf3 Bd7 13. a3 Rc8 14. 0-0 0-0 15. Rad1 Nxd4 16. Bxd4 Rfe8 17. f5 exf5 18. exf5 Bxf5 19. Qf4 Bg6 20. Nd5 Qd8 21. Rde1 Ne6 22. Rxe6 fxe6 23. Nf6+ gxf6 24. gxf6 Bxf6 25. Bxf6 Rf8 26. Bg4 Qxf6 27. Qxf6 Rxf6 28. Rxf6 Rxc2 29. Bxe6+ Kg7 30. Rf2 Rxf2 31. Kxf2 Kf6 32. Bd5 b6 33. Ke3 Ke5 34. Bb7 a5 35. Ba6 d5 36. Bf1 d4+ 37. Kd2 Kd5 38. Be2 Ke4 39. Bf1 Kf3 40. Bh3 h5 41. Bd7 h4 42. b4 Kg2 43. bxa5 bxa5 44. h3 Kf3 45. Bb5 Bf5 46. Be2+ Kg3 47. Bf1 Bxh3 48. Bd3 Bg4 49. Be4 h3 0-1

[Event "TUR Cup"]
[Site "Adapazari"]
[Date "2022.03.28"]
[Round "5"]
[White "Serbulent, Huseyin"]
[Black "Ozdemir, Serhan Berat"]
[Result "0-1"]
[WhiteElo "1775"]
[BlackElo "2176"]
[PlyCount "40"]
[EventDate "2022.03.25"]
[EventType "swiss"]
[EventRounds "11"]
[EventCountry "TUR"]
[SourceTitle "EXT 2023"]
[Source "ChessBase"]
[SourceDate "2022.10.05"]
[SourceVersion "1"]
[SourceVersionDate "2022.10.05"]
[SourceQuality "1"]

1. d4 Nf6 2. c4 g6 3. Nc3 Bg7 4. e4 d6 5. Be2 0-0 6. g4 c5 7. g5 Ne8 8. dxc5 Nc6 9. cxd6 Nxd6 10. c5 Bxc3+ 11. bxc3 Nxe4 12. Qxd8 Rxd8 13. Bb2 Nxc5 14. Nf3 Na4 15. Ba3 Nxc3 16. Bc4 Bg4 17. Ng1 Ne5 18. Be2 Nxe2 19. Nxe2 Nf3+ 20. Kf1 Bh3# 0-1

[Event "TUR Cup"]
[Site "Adapazari"]
[Date "2022.03.25"]
[Round "1"]
[White "Serbulent, Huseyin"]
[Black "Aktay, Hasan Nezih"]
[Result "1-0"]
[WhiteElo "1775"]
[BlackElo "1127"]
[PlyCount "117"]
[EventDate "2022.03.25"]
[EventType "swiss"]
[EventRounds "11"]
[EventCountry "TUR"]
[SourceTitle "EXT 2023"]
[Source "ChessBase"]
[SourceDate "2022.10.05"]
[SourceVersion "1"]
[SourceVersionDate "2022.10.05"]
[SourceQuality "1"]

1. e4 e5 2. Nf3 Nc6 3. Nc3 Nf6 4. d4 d6 5. dxe5 Nxe5 6. Nxe5 dxe5 7. Qxd8+ Kxd8 8. Bg5 Bb4 9. 0-0-0+ Ke8 10. Bxf6 gxf6 11. Nd5 Ba5 12. Nxf6+ Ke7 13. Nd5+ Kf8 14. Bc4 c6 15. Ne3 Rg8 16. Rd6 Rg6 17. Rxg6 hxg6 18. h4 Bb6 19. Nd1 Be6 20. Bxe6 fxe6 21. h5 Kg7 22. hxg6 Kxg6 23. Kd2 Rf8 24. Ke2 Rf4 25. f3 Rf7 26. Ne3 Rh7 27. Rxh7 Kxh7 28. Ng4 Bc7 29. Kd3 Kg7 30. a4 a5 31. Kc4 b6 32. b4 axb4 33. Kxb4 Bd6+ 34. Kc4 Kf7 35. Ne3 Bc5 36. Nd1 Bd6 37. Nb2 Kf6 38. Nd3 Ke7 39. Kb3 Bc7 40. Nb2 Kd6 41. Kb4 Ke7 42. Nc4 Kd7 43. a5 bxa5+ 44. Nxa5 Bd8 45. Nc4 Be7+ 46. Kc3 Bf6 47. Kb4 Be7+ 48. Ka5 Bd8+ 49. Ka6 Bf6 50. Kb7 Bh4 51. Nxe5+ Kd6 52. Nxc6 Bg3 53. Kb6 Bf2+ 54. Kb5 Bg3 55. c4 Bf2 56. Nb4 Kc7 57. Nd3 Bd4 58. c5 Bg1 59. Nf4 1-0

[Event "Cyprus op 1st"]
[Site "Larnaka"]
[Date "2019.10.26"]
[Round "2"]
[White "Serbulent, Huseyin"]
[Black "Cherkasov, Nikolai"]
[Result "0-1"]
[WhiteElo "1818"]
[BlackElo "2338"]
[PlyCount "66"]
[EventDate "2019.10.25"]
[EventType "swiss"]
[EventRounds "9"]
[EventCountry "CYP"]
[SourceTitle "CBM 192 Extra"]
[Source "Chessbase"]
[SourceDate "2019.11.06"]
[SourceVersion "1"]
[SourceVersionDate "2019.11.06"]
[SourceQuality "1"]

1. e4 c5 2. Nf3 d6 3. d4 cxd4 4. Nxd4 Nf6 5. Nc3 Nc6 6. Bc4 e6 7. Be3 Be7 8. Qe2 a6 9. 0-0-0 Qc7 10. f4 Na5 11. Bd3 b5 12. g4 Bb7 13. g5 Nd7 14. Qh5 g6 15. Qh3 Nc5 16. a3 Nxd3+ 17. cxd3 e5 18. Nc2 Rc8 19. Kb1 Nb3 20. Ka2 d5 21. Kxb3 dxe4 22. Nb4 exd3 23. Nxd3 Qc4+ 24. Kc2 Be4 25. Rhe1 Bf5 26. Qg3 0-0 27. Bf2 e4 28. Kb1 Bxa3 29. Rxe4 Qb3 30. Bd4 b4 31. Qe1 bxc3 32. Rc1 Bxb2 33. Rc2 Ba3+ 0-1